000 00630nam a2200217Ia 4500
003 OSt
005 20220926045315.0
006 a|||||r|||| 00| 0
007 ta
008 220923b |||||||| |||| 00| 0 eng d
037 _cGeneral Book
040 _aRTL
_cRTL
_beng
041 _2eng
_aeng
082 _aV73.N06<--M65, K6.1-.2
100 _aFleming Walter L Ed.
_9350044
245 0 _aDocumentary history of reconstruction
_b Political,
260 _c1966
650 _aUnited States History
_931585
942 _hV73.N06<--M65, K6.1-.2
_cGB
_2CC
999 _c677233
_d677233